[Event "Berlin Lichtenberger op 7th"]
[Site "Berlin"]
[Date "2008.08.23"]
[Round "8"]
[White "Exler, Veronika"]
[Black "Alihodzic, Ahmo"]
[Result "1-0"]
[WhiteElo "2011"]
[BlackElo "1954"]
[PlyCount "49"]
[EventDate "2008.08.16"]
[EventType "swiss"]
[EventRounds "9"]
[EventCountry "GER"]
[SourceTitle "CBM 126 Extra"]
[Source "ChessBase"]
[SourceDate "2008.11.05"]
[SourceVersion "1"]
[SourceVersionDate "2008.11.05"]
[SourceQuality "1"]

1. e4 g6 2. d4 Bg7 3. f4 d6 4. Nf3 c6 5. Nc3 e6 6. Bd3 Ne7 7. Be3 Qa5 8. 0-0 0-0 9. Qe1 f5 10. e5 d5 11. Qh4 Re8 12. a3 a6 13. Kh1 Nd7 14. b4 Qd8 15. a4 Nf8 16. b5 Qa5 17. Bd2 Qc7 18. bxa6 bxa6 19. a5 c5 20. dxc5 Qxc5 21. Na4 Qc7 22. Nb6 Rb8 23. Bb4 Rxb6 24. axb6 Qxb6 25. Bxe7 1-0

[Event "Berlin Lichtenberger op 7th"]
[Site "Berlin"]
[Date "2008.08.22"]
[Round "7"]
[White "Alihodzic, Ahmo"]
[Black "Schink, Barbara"]
[Result "1/2-1/2"]
[WhiteElo "1954"]
[BlackElo "2046"]
[PlyCount "96"]
[EventDate "2008.08.16"]
[EventType "swiss"]
[EventRounds "9"]
[EventCountry "GER"]
[SourceTitle "CBM 126 Extra"]
[Source "ChessBase"]
[SourceDate "2008.11.05"]
[SourceVersion "1"]
[SourceVersionDate "2008.11.05"]
[SourceQuality "1"]

1. e4 e5 2. Nf3 Nc6 3. Bb5 a6 4. Ba4 Nf6 5. d3 b5 6. Bb3 Be7 7. h3 d6 8. Nc3 Na5 9. Nd5 Nxb3 10. Nxf6+ Bxf6 11. axb3 Bb7 12. c4 Qe7 13. Bd2 c6 14. Bb4 0-0 15. 0-0 g6 16. Re1 c5 17. Bd2 Bg7 18. Bg5 f6 19. Bh4 Qd7 20. Nd2 f5 21. f3 Rf7 22. Ra5 h6 23. Qa1 b4 24. Nf1 g5 25. Bf2 g4 26. hxg4 fxg4 27. Nh2 gxf3 28. gxf3 Qh3 29. Re2 Rf6 30. Qf1 Qe6 31. Rc2 Rg6+ 32. Kh1 Qe7 33. Be3 Bc8 34. Qe1 Bh3 35. Nf1 Bf6 36. Rh2 Qd7 37. Ra1 Kh7 38. Rc1 Rag8 39. Qf2 Bg2+ 40. Qxg2 Rxg2 41. Rxh6+ Kg7 42. Kxg2 Kf8+ 43. Kf2 Qg7 44. Ke2 Qg2+ 45. Bf2 Qg7 46. Be3 Qf7 47. Rh2 Bg5 48. Ra1 Bxe3 1/2-1/2

[Event "Berlin Lichtenberger Sommer 2nd"]
[Site "Berlin"]
[Date "2003.08.19"]
[Round "4.44"]
[White "Alihodzic, Ahmo"]
[Black "Kiessling, Beate"]
[Result "1-0"]
[WhiteElo "1887"]
[BlackElo "1472"]
[PlyCount "47"]
[EventDate "2003.08.16"]
[EventType "swiss"]
[EventRounds "9"]
[EventCountry "GER"]
[SourceTitle "EXT 2022"]
[Source "ChessBase"]
[SourceDate "2021.10.06"]
[SourceVersion "1"]
[SourceVersionDate "2021.10.06"]
[SourceQuality "1"]

1. e4 c6 2. d4 d5 3. Nc3 dxe4 4. Nxe4 Nd7 5. Bd3 Ngf6 6. Ne2 Nxe4 7. Bxe4 Nf6 8. Bd3 e6 9. 0-0 Bd6 10. Bg5 Bxh2+ 11. Kh1 Bd6 12. c4 h6 13. Bh4 g5 14. Bg3 Qe7 15. Be5 Rg8 16. Ng3 g4 17. Re1 Bd7 18. Nf5 Qd8 19. Nxd6+ Kf8 20. Nxb7 Qc8 21. Bxf6 Qxb7 22. Bh7 h5 23. Bxg8 Kxg8 24. Qe2 1-0

[Event "Berlin Lichtenberger Sommer 2nd"]
[Site "Berlin"]
[Date "2003.08.18"]
[Round "3.57"]
[White "Duric, Rajko"]
[Black "Alihodzic, Ahmo"]
[Result "0-1"]
[WhiteElo "1684"]
[BlackElo "1887"]
[PlyCount "120"]
[EventDate "2003.08.16"]
[EventType "swiss"]
[EventRounds "9"]
[EventCountry "GER"]
[SourceTitle "EXT 2022"]
[Source "ChessBase"]
[SourceDate "2021.10.06"]
[SourceVersion "1"]
[SourceVersionDate "2021.10.06"]
[SourceQuality "1"]

1. e4 e6 2. Nf3 d5 3. exd5 exd5 4. d4 Nf6 5. Bd3 Bd6 6. 0-0 0-0 7. h3 h6 8. Nc3 a6 9. Be3 b6 10. Qd2 Re8 11. Bxh6 gxh6 12. Qxh6 Bf8 13. Qg5+ Bg7 14. Rfe1 Be6 15. Ne5 Ne4 16. Qxd8 Rxd8 17. Nxe4 dxe4 18. Bxe4 Bd5 19. Bxd5 Rxd5 20. c3 c5 21. Nc4 Nd7 22. dxc5 Rxc5 23. Rad1 Rxc4 24. Rxd7 Bf8 25. Re3 Rf4 26. Rg3+ Bg7 27. Rgd3 Re8 28. Rd8 Rfe4 29. Rxe8+ Rxe8 30. Kf1 Re6 31. b3 b5 32. f4 Rc6 33. Rg3 Kh7 34. Rd3 Bxc3 35. Ke2 Bb4 36. Kf3 Rc2 37. a4 bxa4 38. bxa4 Ra2 39. Rd7 Kg7 40. h4 Rxa4 41. g4 a5 42. h5 Ra3+ 43. Ke4 Rh3 44. Rb7 Bd2 45. Rb2 Bb4 46. Kf5 Rh4 47. Ra2 Rh3 48. Rb2 Rf3 49. g5 Bd6 50. h6+ Kh7 51. g6+ fxg6+ 52. Kg5 Rg3+ 53. Kf6 Bxf4 54. Rb7+ Kxh6 55. Rb2 Rg5 56. Rb3 Rf5+ 57. Ke6 Bd2 58. Rh3+ Kg7 59. Rd3 Rf6+ 60. Kd5 Bb4 0-1

[Event "Berlin Kreuzberg op 4th"]
[Site "Berlin"]
[Date "2003.07.09"]
[Round "5"]
[White "Alihodzic, Ahmo"]
[Black "Schmidt, Peter"]
[Result "0-1"]
[WhiteElo "1886"]
[BlackElo "2154"]
[PlyCount "86"]
[EventDate "2003.07.05"]
[EventType "swiss"]
[EventRounds "9"]
[EventCountry "GER"]
[SourceTitle "EXT 2022"]
[Source "ChessBase"]
[SourceDate "2021.10.06"]
[SourceVersion "1"]
[SourceVersionDate "2021.10.06"]
[SourceQuality "1"]

1. e4 g6 2. Nf3 Bg7 3. g3 d6 4. Bg2 Nd7 5. Nc3 e5 6. d3 Ne7 7. Be3 0-0 8. Qd2 f5 9. h4 Nf6 10. Bg5 c6 11. 0-0-0 b5 12. exf5 gxf5 13. Nh2 Be6 14. Bh6 Bxh6 15. Qxh6 b4 16. Na4 Qa5 17. b3 Bd5 18. Nf3 Kh8 19. h5 Bxf3 20. Bxf3 e4 21. dxe4 fxe4 22. Be2 Qe5 23. Qf4 Qxf4+ 24. gxf4 Nfd5 25. Rd4 Rxf4 26. f3 e3 27. Rh4 Raf8 28. c4 bxc3 29. Rdxf4 Nxf4 30. Nxc3 Ned5 31. Nxd5 cxd5 32. Bb5 Kg7 33. h6+ Kg6 34. Kd1 Kg5 35. Rh2 Rf6 36. Bc6 Rxh6 37. Rxh6 Kxh6 38. a4 d4 39. Be4 d3 40. Bxd3 Nxd3 41. Ke2 Nc5 42. b4 Nxa4 43. Kxe3 Kg5 0-1

[Event "Berlin Kreuzberg op 4th"]
[Site "Berlin"]
[Date "2003.07.08"]
[Round "4"]
[White "Meister, Jakob"]
[Black "Alihodzic, Ahmo"]
[Result "1-0"]
[WhiteElo "2503"]
[BlackElo "1886"]
[PlyCount "81"]
[EventDate "2003.07.05"]
[EventType "swiss"]
[EventRounds "9"]
[EventCountry "GER"]
[SourceTitle "EXT 2022"]
[Source "ChessBase"]
[SourceDate "2021.10.06"]
[SourceVersion "1"]
[SourceVersionDate "2021.10.06"]
[SourceQuality "1"]

1. e4 c6 2. d4 d5 3. e5 Bf5 4. Nf3 e6 5. Be2 c5 6. 0-0 Nc6 7. Be3 c4 8. b3 b5 9. a4 a6 10. axb5 axb5 11. Rxa8 Qxa8 12. Nc3 Qb8 13. Nh4 Bg6 14. Nxg6 hxg6 15. Qa1 Bb4 16. Na2 Ba5 17. Rb1 Qc7 18. b4 Bb6 19. h3 Nge7 20. Nc3 Bxd4 21. Nxb5 Bxa1 22. Nxc7+ Kd7 23. Rxa1 Kxc7 24. b5 Nd8 25. c3 Nf5 26. Bc5 Nb7 27. Ra7 Kb8 28. Bb6 Ne7 29. Ra6 Rc8 30. Ba7+ Kc7 31. Bd4 Kb8 32. Ba7+ Kc7 33. Bd1 g5 34. Bc2 Re8 35. Bb6+ Kb8 36. Ba7+ Kc7 37. Be3 Nc8 38. Bxg5 Kb8 39. Be3 Nd8 40. Bd4 Re7 41. g4 1-0

[Event "Berlin op 10"]
[Site "Berlin"]
[Date "2000.10.30"]
[Round "3"]
[White "Alihodzic, Ahmo"]
[Black "Radloff, Rainer"]
[Result "1-0"]
[WhiteElo "1802"]
[BlackElo "1460"]
[PlyCount "93"]
[EventDate "2000.10.16"]
[EventType "swiss"]
[EventRounds "7"]
[EventCountry "GER"]
[SourceTitle "EXT 2007"]
[Source "ChessBase"]
[SourceDate "2006.11.23"]
[SourceVersion "1"]
[SourceVersionDate "2006.11.23"]
[SourceQuality "1"]

1. e4 c5 2. Nf3 Nc6 3. d4 cxd4 4. Nxd4 e6 5. Be3 Nf6 6. Bd3 Be7 7. Nxc6 dxc6 8. Nd2 Qc7 9. f4 b6 10. Qe2 Bb7 11. a3 c5 12. h3 Bc6 13. g4 h6 14. 0-0-0 c4 15. Bxc4 Nxe4 16. Nxe4 Bxe4 17. Bb5+ Bc6 18. Qc4 Rc8 19. Qxc6+ Qxc6 20. Bxc6+ Rxc6 21. Rh2 Rd6 22. Rhd2 Kd7 23. f5 Rxd2 24. Rxd2+ Kc6 25. fxe6 fxe6 26. Rf2 Rf8 27. Rxf8 Bxf8 28. Kd2 Kd5 29. Kd3 Bc5 30. c4+ Kd6 31. Bxc5+ Kxc5 32. b4+ Kd6 33. Kd4 a6 34. h4 a5 35. h5 a4 36. Ke4 Ke7 37. Ke5 Kf7 38. c5 bxc5 39. bxc5 Ke7 40. c6 Kd8 41. Kxe6 Kc7 42. Kd5 Kc8 43. Kd6 Kd8 44. Kc5 Kc7 45. Kb5 Kc8 46. Kxa4 Kc7 47. Kb5 1-0

[Event "Berlin op 10"]
[Site "Berlin"]
[Date "2000.10.23"]
[Round "2"]
[White "Johannsen, Ingbert"]
[Black "Alihodzic, Ahmo"]
[Result "1-0"]
[WhiteElo "2015"]
[BlackElo "1802"]
[PlyCount "95"]
[EventDate "2000.10.16"]
[EventType "swiss"]
[EventRounds "7"]
[EventCountry "GER"]
[SourceTitle "EXT 2007"]
[Source "ChessBase"]
[SourceDate "2006.11.23"]
[SourceVersion "1"]
[SourceVersionDate "2006.11.23"]
[SourceQuality "1"]

1. e4 e6 2. d4 d5 3. Nc3 dxe4 4. Nxe4 Nf6 5. Nxf6+ Qxf6 6. Nf3 h6 7. Bb5+ c6 8. Bd3 Bd6 9. Be3 Nd7 10. Qe2 b5 11. 0-0 Bb7 12. a4 a6 13. Be4 0-0 14. b3 Rfb8 15. Rfd1 Nf8 16. c4 Ng6 17. c5 Bc7 18. a5 Rf8 19. g3 Ne7 20. Ne5 Rad8 21. Ng4 Nd5 22. Nxf6+ Nxf6 23. Qf3 Nxe4 24. Qxe4 Rd5 25. Qg4 Kh7 26. f4 Bc8 27. Qf3 f5 28. Rf1 Bd7 29. b4 Be8 30. Rae1 Rf6 31. Rf2 Bd8 32. Bd2 Bc7 33. Rfe2 Bf7 34. h3 Bg8 35. Kf2 Bf7 36. Rh1 Kg8 37. Ke1 Kf8 38. Be3 Ke7 39. Kd2 Kd7 40. Kc3 Bg6 41. Rg2 Bh7 42. g4 fxg4 43. hxg4 g5 44. Rgh2 Bg8 45. Rxh6 Rf8 46. Rh8 gxf4 47. R1h7+ Kc8 48. Rg7 1-0